000 00509nam a2200181Ia 4500
999 _c7134
_d7134
003 OSt
005 20200129143515.0
008 190216s9999||||xx |||||||||||||| ||und||
020 _a9788121922944
040 _coclc
082 _a346
_bGOG/T
100 _aGogna, P P S
_91625
245 0 _aA Text Book Of Business And Corporative Laws /
_cP P S Gogna
250 _a1st ed.
260 _bS Chand & Co,
_aNew Delhi:
_c2003.
300 _a797p
942 _cBK
_2ddc
_h346
_iGOG/T
_k346
_mGOG/T